مكتبة جامعة عجلون الوطنية

فهرس بحث المكتبة

Normal view MARC view
  • الإعلام الدولي-الإعلام الدولي بالراديو والتليفزيون

Entry Topical Term

Number of records used in: 1

001 - CONTROL NUMBER

  • control field: 39790

003 - CONTROL NUMBER IDENTIFIER

  • control field: JO-AjAnu

005 - DATE AND TIME OF LATEST TRANSACTION

  • control field: 20230606080620.0

008 - FIXED-LENGTH DATA ELEMENTS

  • fixed length control field: 230606|| aca||aabn | a|a d

040 ## - CATALOGING SOURCE

  • Original cataloging agency: JO-AjAnu
  • Transcribing agency: JO-AjAnu

150 ## - HEADING--TOPICAL TERM

  • Topical term or geographic name entry element: الإعلام الدولي-الإعلام الدولي بالراديو والتليفزيون

670 ## - SOURCE DATA FOUND

  • Source citation: Work cat.: (JO-AjAnu)20402: رشتى، جيهان أحمد تأليف , author 39789, الإعلام الدولي بالراديو والتليفزيون